[Event "7th American Continental (w)"]
[Site "Buenos Aires ARG"]
[Date "2014.03.22"]
[Round "2.13"]
[White "Jorquera Cabello, Valentina"]
[Black "Quilca Tapara, Carmen"]
[Result "1-0"]
[WhiteElo "2027"]
[BlackElo "1417"]
[EventDate "2014.03.21"]
[PlyCount "105"]

1.e4 c5 2.Nf3 Nc6 3.Bb5 e6 4.O-O Nge7 5.c3 a6 6.Ba4 b5 7.Bc2 d5 8.d4 cxd4 
9.exd5 Qxd5 10.cxd4 Bb7 11.Nc3 Qd7 12.Re1 Rd8 13.Be3 Nd5 14.Nxd5 Qxd5 15.
Bb3 Qd7 16.d5 exd5 17.Bb6+ Be7 18.Bxd8 Nxd8 19.Qe2 Ne6 20.Ne5 Qd6 21.Rad1 
O-O 22.Qh5 g6 23.Qf3 Ng5 24.Qd3 Rd8 25.f3 Bf6 26.f4 Ne6 27.Qg3 Nc5 28.Bc2 
Qb6 29.Kh1 Bg7 30.f5 Qd6 31.fxg6 fxg6 32.b4 Nd7 33.Nd3 Qxg3 34.hxg3 Nf6 
35.Re7 Bc8 36.Bb3 Ng4 37.Rf1 Bf5 38.Nf4 Bd4 39.Nxd5 Kf8 40.Rxh7 Rxd5 41.
Bxd5 Ne3 42.Rf4 Be5 43.Bb7 Bxf4 44.gxf4 Nc2 45.Bxa6 Nxb4 46.Bxb5 Nxa2 47.
Bc6 Nc3 48.Bf3 Nb5 49.g4 Bd3 50.Rd7 Bc4 51.Be4 Bf7 52.Kh2 Ke8 53.Bc6 1-0

[Event "7th American Continental (w)"]
[Site "Buenos Aires ARG"]
[Date "2014.03.23"]
[Round "3.2"]
[White "Sanchez Castillo, Sarai"]
[Black "Martinez, Ayelen"]
[Result "0-1"]
[WhiteElo "2226"]
[BlackElo "2109"]
[EventDate "2014.03.21"]
[PlyCount "58"]

1.e4 c5 2.Nf3 d6 3.d4 cxd4 4.Nxd4 Nf6 5.Nc3 a6 6.Bg5 Nbd7 7.f4 Qc7 8.Qe2 
e6 9.O-O-O Be7 10.g4 b5 11.Bxf6 Nxf6 12.g5 Nd7 13.Nf5 b4 14.Nd5 exd5 15.
exd5 Nc5 16.Nd4 O-O 17.Re1 Re8 18.Bg2 Bd7 19.Qd2 Bf8 20.h4 g6 21.Rxe8 Rxe8
22.h5 Bg7 23.hxg6 hxg6 24.f5 b3 25.fxg6 bxa2 26.gxf7+ Kxf7 27.Qf4+ Kg8 28.
Kd2 Qa5+ 29.c3 a1=Q 0-1

[Event "7th American Continental (w)"]
[Site "Buenos Aires ARG"]
[Date "2014.03.23"]
[Round "3.4"]
[White "Paredes Bustamante, Paula"]
[Black "Gomez Camacho, Micaela"]
[Result "1/2-1/2"]
[WhiteElo "2018"]
[BlackElo "1938"]
[EventDate "2014.03.21"]
[PlyCount "70"]

1.e4 c5 2.Nf3 d6 3.Bb5+ Nd7 4.d4 cxd4 5.Qxd4 a6 6.Bc4 Nb6 7.Bb3 e5 8.Qd3 
Be7 9.O-O Nf6 10.Nc3 O-O 11.Be3 h6 12.Nd2 Be6 13.Rad1 Rc8 14.Kh1 Qc7 15.
Nd5 Bxd5 16.exd5 Nbd7 17.c3 Ng4 18.f4 f5 19.fxe5 Ndxe5 20.Qe2 Nxe3 21.Qxe3
Bg5 22.Qg3 Ng4 23.Nc4 Rcd8 24.h3 b5 25.Nxd6 Qxd6 26.Qxd6 Rxd6 27.hxg4 fxg4
28.Bc2 Rxf1+ 29.Rxf1 Rf6 30.Rxf6 Bxf6 31.g3 b4 32.cxb4 Bxb2 33.Bf5 Ba3 34.
Bxg4 Bxb4 35.a4 a5 1/2-1/2

[Event "7th American Continental (w)"]
[Site "Buenos Aires ARG"]
[Date "2014.03.23"]
[Round "3.5"]
[White "Carraro, Denise"]
[Black "Cori Tello, Deysi"]
[Result "0-1"]
[WhiteElo "2082"]
[BlackElo "2428"]
[EventDate "2014.03.21"]
[PlyCount "48"]

1.e4 e6 2.d4 d5 3.Nc3 Bb4 4.e5 c5 5.a3 Bxc3+ 6.bxc3 Qc7 7.Qg4 g6 8.Bd3 
cxd4 9.cxd4 Qc3+ 10.Kd1 Qxa1 11.Ne2 Nc6 12.h4 h5 13.Qf4 Bd7 14.Rh3 Nge7 
15.Bb5 Nf5 16.Bxc6 Bxc6 17.Rb3 Ba4 18.Rb4 b5 19.Qf3 Rc8 20.Rb2 O-O 21.Kd2 
Rxc2+ 22.Rxc2 Bxc2 23.Kxc2 Rc8+ 24.Kd1 Nxd4 0-1

[Event "7th American Continental (w)"]
[Site "Buenos Aires ARG"]
[Date "2014.03.23"]
[Round "3.6"]
[White "Amura, Claudia"]
[Black "Jorquera Cabello, Valentina"]
[Result "1-0"]
[WhiteElo "2305"]
[BlackElo "2027"]
[EventDate "2014.03.21"]
[PlyCount "95"]

1.d4 Nf6 2.Nf3 e6 3.g3 b6 4.Bg2 Bb7 5.O-O Be7 6.c4 d5 7.b3 O-O 8.Bb2 Nbd7 
9.Nbd2 c5 10.Rc1 Ne4 11.e3 Rc8 12.Qe2 Rc7 13.Rfd1 Qc8 14.Nxe4 dxe4 15.Nd2 
f5 16.Nb1 cxd4 17.exd4 Bg5 18.Rc2 a6 19.Bc1 Bxc1 20.Rdxc1 e5 21.d5 Nc5 22.
Rd1 Kh8 23.Nd2 Nd3 24.f3 Nb4 25.Rb2 exf3 26.Nxf3 e4 27.Ne1 a5 28.Qe3 Rf6 
29.Rf2 Rd7 30.Bf1 Rdd6 31.Ng2 h6 32.Nf4 Kh7 33.Bh3 Qe8 34.Rdf1 g6 35.a3 
Na6 36.g4 fxg4 37.Bxg4 Nc5 38.Ne6 Rxf2 39.Qxf2 Nxe6 40.Bxe6 Ba6 41.Qf7+ 
Qxf7 42.Rxf7+ Kh8 43.Ra7 b5 44.c5 Rd8 45.Rxa6 Rf8 46.Bg4 h5 47.Be2 Rf5 48.
d6 1-0

[Event "7th American Continental (w)"]
[Site "Buenos Aires ARG"]
[Date "2014.03.23"]
[Round "3.7"]
[White "Abarca Gonzalez, Damaris"]
[Black "Feliciano Ebert, Vanessa"]
[Result "1-0"]
[WhiteElo "2023"]
[BlackElo "2244"]
[EventDate "2014.03.21"]
[PlyCount "59"]

1.g3 Nf6 2.Bg2 d5 3.d4 e6 4.Nf3 Be7 5.O-O O-O 6.b3 Nbd7 7.Bb2 c5 8.e3 Qc7 
9.Nc3 a6 10.Qe2 b5 11.a3 Bb7 12.Rfd1 Rac8 13.Rac1 Qa5 14.dxc5 b4 15.axb4 
Qxb4 16.Na4 Nxc5 17.Nxc5 Bxc5 18.Ne5 Be7 19.Rd4 Qb5 20.Qd1 Ne4 21.c4 Qa5 
22.Ra1 Qc7 23.Bxe4 f5 24.Bxd5 exd5 25.Rxd5 Bxd5 26.Qxd5+ Kh8 27.Nf7+ Rxf7 
28.Qxf7 Rg8 29.Rxa6 Qb7 30.Re6 1-0

[Event "7th American Continental (w)"]
[Site "Buenos Aires ARG"]
[Date "2014.03.23"]
[Round "3.8"]
[White "Besso, Guadalupe"]
[Black "Zuriel, Marisa"]
[Result "0-1"]
[WhiteElo "1882"]
[BlackElo "2225"]
[EventDate "2014.03.21"]
[PlyCount "112"]

1.d4 Nf6 2.c4 e6 3.Nc3 d5 4.cxd5 exd5 5.Bg5 c6 6.e3 Be7 7.Bd3 Nbd7 8.Qc2 
Nh5 9.Bxe7 Qxe7 10.Nge2 g6 11.Ng3 Ng7 12.O-O f5 13.Rae1 O-O 14.f3 Ne6 15.
Qb1 Qg7 16.f4 Nf6 17.b4 a6 18.Na4 b5 19.Nb6 Rb8 20.Nxc8 Rbxc8 21.Qb3 Rfe8 
22.a4 Ng4 23.Qb2 c5 24.h3 Nh6 25.bxc5 Nxc5 26.Bxb5 axb5 27.Qxb5 Ne6 28.
Qxd5 Nf7 29.Rb1 Nc7 30.Qf3 Qf6 31.Rb7 Qa6 32.Rfb1 Qxa4 33.d5 Qc4 34.Rd1 
Nd6 35.Rb6 Qc5 36.Rc6 Qa3 37.e4 Qxf3 38.gxf3 fxe4 39.fxe4 Ncb5 40.Rb6 Nc3 
41.Re1 Ncxe4 42.Nxe4 Nxe4 43.Rd1 Nc3 44.Rd3 Ne2+ 45.Kf2 Nxf4 46.Rd2 Nxh3+ 
47.Kf3 Ng5+ 48.Kf4 Nf7 49.d6 Rcd8 50.d7 Re7 51.Rb7 Ne5 52.Rc7 Rexd7 53.
Rdxd7 Nxd7 54.Kg5 Kg7 55.Ra7 h6+ 56.Kg4 Kf7 0-1

[Event "7th American Continental (w)"]
[Site "Buenos Aires ARG"]
[Date "2014.03.23"]
[Round "3.9"]
[White "Martyniuk, Carolina"]
[Black "Vargas Talavera, Gabriela"]
[Result "1/2-1/2"]
[WhiteElo "1959"]
[BlackElo "2143"]
[EventDate "2014.03.21"]
[PlyCount "110"]

1.c4 c6 2.Nf3 d5 3.e3 Nf6 4.Qc2 Bg4 5.Ne5 Bh5 6.cxd5 Qxd5 7.d4 Bg6 8.Nxg6 
hxg6 9.Nc3 Qd8 10.Bd2 e6 11.Bd3 Nd5 12.a3 Nxc3 13.Bxc3 Nd7 14.O-O-O Qc7 
15.h3 O-O-O 16.Kb1 Kb8 17.Rd2 Be7 18.Rc1 Nb6 19.Ba5 Rh5 20.b4 Qd7 21.Bxb6 
axb6 22.Qb3 Qd5 23.Qxd5 Rdxd5 24.Be2 Rh4 25.Bf3 Rd8 26.Rcd1 f5 27.Be2 b5 
28.Kc2 Kc7 29.Kb3 Rhh8 30.Rc2 Kb6 31.Bf3 Rh4 32.Rdc1 Bf6 33.Rd1 Rhh8 34.
Rcd2 Rd7 35.Kc2 Ra8 36.Kb3 Rad8 37.Kc2 e5 38.dxe5 Rxd2+ 39.Rxd2 Rxd2+ 40.
Kxd2 Bxe5 41.Kc2 Bh2 42.Kd3 Bd6 43.Kc3 Be5+ 44.Kc2 Kc7 45.Be2 Kd6 46.g4 
Bh2 47.f4 Bg3 48.Kd2 Kd5 49.Bd3 fxg4 50.hxg4 g5 51.fxg5 Bh4 52.g6 Bg5 53.
Bf5 b6 54.Bd7 Bf6 55.Kc2 Bg5 1/2-1/2

[Event "7th American Continental (w)"]
[Site "Buenos Aires ARG"]
[Date "2014.03.23"]
[Round "3.10"]
[White "Zepeda Cortez, Lorena"]
[Black "Zarate Oyague, Flor de Maria"]
[Result "1-0"]
[WhiteElo "2196"]
[BlackElo "1863"]
[EventDate "2014.03.21"]
[PlyCount "77"]

1.e4 c5 2.Nf3 d6 3.d4 cxd4 4.Nxd4 Nf6 5.Nc3 a6 6.Be3 e5 7.Nb3 Be6 8.Qd2 
Nbd7 9.f4 b5 10.O-O-O Be7 11.Kb1 Rc8 12.f5 Bc4 13.Rg1 h5 14.h3 Nb6 15.Bd3 
b4 16.Ne2 d5 17.exd5 Nbxd5 18.Bg5 Qc7 19.g4 Bxd3 20.cxd3 Qb6 21.Rc1 Rd8 
22.Qc2 hxg4 23.hxg4 Ne3 24.Bxe3 Qxe3 25.Rg3 Qb6 26.d4 exd4 27.Nexd4 Qd6 
28.Rg2 Nd5 29.Re2 Kf8 30.Rce1 Bf6 31.Nc6 Nc3+ 32.bxc3 Qxc6 33.cxb4 Qc3 34.
Qe4 g5 35.fxg6 Kg7 36.gxf7 Kxf7 37.g5 Bxg5 38.Rf1+ Kg7 39.Qb7+ 1-0

[Event "7th American Continental (w)"]
[Site "Buenos Aires ARG"]
[Date "2014.03.23"]
[Round "3.11"]
[White "Meza, Anahi"]
[Black "Guzman, Paola"]
[Result "0-1"]
[WhiteElo "2078"]
[BlackElo "1902"]
[EventDate "2014.03.21"]
[PlyCount "170"]

1.d4 d5 2.c4 c6 3.Nf3 dxc4 4.e3 b5 5.a4 e6 6.b3 a5 7.bxc4 b4 8.c5 Nf6 9.
Bc4 Be7 10.O-O Ba6 11.Bxa6 Rxa6 12.Nbd2 O-O 13.Nc4 Nbd7 14.Qe2 Ra7 15.e4 
Qc8 16.Bf4 Qa6 17.Rfc1 Rb7 18.Qe3 Nh5 19.Bd6 Bxd6 20.Nxd6 Rbb8 21.Rab1 
Nhf6 22.Rb3 Ne8 23.Qf4 Qe2 24.Qd2 Qxd2 25.Nxd2 Nxd6 26.cxd6 Rfc8 27.Nc4 
Ra8 28.Kf1 Kf8 29.Ke2 Ke8 30.Kd3 Ra6 31.Ne5 Nxe5+ 32.dxe5 Kd7 33.Kc4 Rb6 
34.Rf1 c5 35.f4 Kc6 36.Rff3 Rb7 37.f5 exf5 38.Rxf5 g6 39.Rf6 Re8 40.d7+ 
Kxd7 41.Rd6+ Kc8 42.Rd5 Rc7 43.Rf3 Kb7 44.Rf6 Ree7 45.Rfd6 Rc6 46.Rd8 Rb6 
47.Rxc5 Rc7 48.Rxc7+ Kxc7 49.Rd3 Rc6+ 50.Kb3 Kb6 51.Rf3 Rc7 52.Rd3 Rc3+ 
53.Rxc3 bxc3 54.Kxc3 Kc5 55.g4 g5 56.h3 h6 57.Kd3 Kb4 58.Kd4 Kxa4 59.Kd5 
Kb4 60.Kd6 a4 61.Ke7 a3 62.Kxf7 a2 63.e6 a1=Q 64.e7 Qa7 65.Kf8 Qc5 66.Kf7 
Qc7 67.Kf8 Qf4+ 68.Kg7 Qxe4 69.Kf7 Qd5+ 70.Kf8 Qf3+ 71.Kg7 Qc3+ 72.Kf7 Qc7
73.Kf8 Qd6 74.Kf7 Qf4+ 75.Kg7 Qe3 76.Kf7 Qxh3 77.e8=Q Qxg4 78.Qf8+ Kc3 79.
Qxh6 Qf3+ 80.Kg6 g4 81.Qc1+ Kd3 82.Qb1+ Ke2 83.Qc2+ Kf1 84.Qc1+ Kg2 85.
Qd2+ Kh3 0-1

[Event "7th American Continental (w)"]
[Site "Buenos Aires ARG"]
[Date "2014.03.23"]
[Round "3.12"]
[White "Nejanky, Maisa"]
[Black "Sanchez Zambrano, Vanessa"]
[Result "1/2-1/2"]
[WhiteElo "2024"]
[BlackElo "1913"]
[EventDate "2014.03.21"]
[PlyCount "123"]

1.e4 c5 2.Nf3 d6 3.d4 cxd4 4.Nxd4 Nf6 5.Nc3 a6 6.h3 e5 7.Nde2 Be6 8.Bg5 
Nbd7 9.g4 Be7 10.Bg2 h6 11.Be3 b5 12.Ng3 g6 13.O-O Nb6 14.b3 Rc8 15.Nce2 
g5 16.Qd2 Rc6 17.Rfd1 Qc8 18.c3 Qb8 19.Nf5 Bxf5 20.exf5 Rc8 21.Ng3 Nbd7 
22.Rac1 Kf8 23.Qb2 Nc5 24.c4 b4 25.Bxc5 Rxc5 26.Rd3 h5 27.gxh5 Nxh5 28.
Nxh5 Rxh5 29.Qe2 Rh4 30.Bd5 Kg7 31.Rg3 Qc8 32.Qd3 Rd4 33.Qe3 Rdxd5 34.
Rxg5+ Bxg5 35.Qxg5+ Kf8 36.f6 Qe6 37.cxd5 Rxc1+ 38.Qxc1 Qxf6 39.Qc8+ Kg7 
40.Qxa6 Qg5+ 41.Kf1 Qc1+ 42.Ke2 Qc2+ 43.Kf1 Qd1+ 44.Kg2 Qxd5+ 45.Kg1 e4 
46.Qb6 Qd1+ 47.Kg2 Qf3+ 48.Kg1 Qd1+ 49.Kg2 Qd2 50.h4 Kg6 51.Qd8 Qf4 52.
Qg8+ Kf6 53.Qh8+ Ke6 54.h5 Qg4+ 55.Kf1 Qd1+ 56.Kg2 Qf3+ 57.Kg1 Kf5 58.h6 
Qd1+ 59.Kg2 Qg4+ 60.Kf1 Qd1+ 61.Kg2 Qf3+ 62.Kg1 1/2-1/2

[Event "7th American Continental (w)"]
[Site "Buenos Aires ARG"]
[Date "2014.03.23"]
[Round "3.13"]
[White "Quilca Tapara, Carmen"]
[Black "Flores, Nancy"]
[Result "0-1"]
[WhiteElo "1417"]
[BlackElo "1983"]
[EventDate "2014.03.21"]
[PlyCount "70"]

1.c4 Nf6 2.Nc3 d5 3.cxd5 Nxd5 4.g3 g6 5.Bg2 Nxc3 6.bxc3 Bg7 7.Nf3 c5 8.O-O
O-O 9.Qc2 Nc6 10.Bb2 Bg4 11.d3 Qd7 12.Rfe1 Rab8 13.c4 Nd4 14.Nxd4 cxd4 15.
Reb1 Rfc8 16.Qd2 Rc5 17.h3 Bxh3 18.Ba3 Ra5 19.Bf3 Re5 20.Bd5 Rxd5 21.cxd5 
Qxd5 22.f3 Bf6 23.Qf4 Re8 24.Qh6 Bd7 25.Kg2 Bg5 26.Qh2 h6 27.Rb2 e5 28.g4 
Bxg4 29.Rc2 b6 30.Bb4 e4 31.dxe4 Rxe4 32.Qb8+ Kh7 33.fxe4 Qxe4+ 34.Kg3 
Qe3+ 35.Kg2 Qh3+ 0-1

[Event "7th American Continental (w)"]
[Site "Buenos Aires ARG"]
[Date "2014.03.24"]
[Round "4.1"]
[White "Martinez, Ayelen"]
[Black "Lujan, Carolina"]
[Result "0-1"]
[WhiteElo "2109"]
[BlackElo "2375"]
[EventDate "2014.03.21"]
[PlyCount "66"]

1.e4 c5 2.Nf3 e6 3.d4 cxd4 4.Nxd4 Nc6 5.Nc3 Qc7 6.Be3 a6 7.Be2 Nf6 8.O-O 
h5 9.f4 d6 10.a4 Bd7 11.Bf3 Rc8 12.Nb3 Na5 13.Nxa5 Qxa5 14.Qe1 Qb4 15.Rd1 
Be7 16.Bd4 Rc4 17.Qe3 e5 18.Ba7 exf4 19.Qxf4 Qxb2 20.Nd5 Nxd5 21.Rxd5 Be6 
22.Bxh5 g6 23.Bxg6 fxg6 24.Qg3 Bxd5 25.Qxg6+ Kd7 26.exd5 Qe5 27.h3 Qxd5 
28.Rf7 Rf8 29.Rg7 Qe6 30.Qd3 Qe1+ 31.Kh2 Qe5+ 32.Rg3 Bh4 33.Qh7+ Kc6 0-1

[Event "7th American Continental (w)"]
[Site "Buenos Aires ARG"]
[Date "2014.03.24"]
[Round "4.2"]
[White "Chumpitaz Carbajal, Ann"]
[Black "Aliaga Fernandez, Ingrid"]
[Result "1-0"]
[WhiteElo "2189"]
[BlackElo "2185"]
[EventDate "2014.03.21"]
[PlyCount "63"]

1.Nf3 d5 2.g3 c5 3.Bg2 Nc6 4.O-O e5 5.d3 Bd6 6.c4 d4 7.Na3 Nge7 8.Nc2 O-O 
9.Rb1 Qc7 10.Bd2 Bd7 11.a3 Rae8 12.b4 b6 13.e3 dxe3 14.Nxe3 h6 15.Re1 Be6 
16.Bc3 f5 17.Nf1 Bf7 18.Qa4 cxb4 19.axb4 Ng6 20.Ra1 Re7 21.Ne3 Be6 22.Nd2 
Nd4 23.Bxd4 exd4 24.Nc2 Be5 25.f4 Bxf4 26.gxf4 Nxf4 27.Nxd4 Nxg2 28.Kxg2 
Qf4 29.N2f3 Qg4+ 30.Kf2 Rd8 31.Rxe6 Rxd4 32.Rg1 1-0

[Event "7th American Continental (w)"]
[Site "Buenos Aires ARG"]
[Date "2014.03.24"]
[Round "4.3"]
[White "Cori Tello, Deysi"]
[Black "Abarca Gonzalez, Damaris"]
[Result "1/2-1/2"]
[WhiteElo "2428"]
[BlackElo "2023"]
[EventDate "2014.03.21"]
[PlyCount "85"]

1.d4 d5 2.c4 c6 3.e3 Nf6 4.Nc3 a6 5.Bd3 dxc4 6.Bxc4 e6 7.Nf3 Nbd7 8.a4 Bb4
9.O-O O-O 10.Qe2 Qe7 11.e4 e5 12.dxe5 Nxe5 13.Nxe5 Qxe5 14.f3 Be6 15.Bxe6 
Qxe6 16.Kh1 Rfd8 17.Bg5 h6 18.Bh4 Rd4 19.Bf2 Bxc3 20.bxc3 Qc4 21.Qb2 Rd7 
22.Bd4 Rad8 23.Qb6 Nh5 24.f4 Rc8 25.Qc5 Qxc5 26.Bxc5 Nf6 27.Rae1 b5 28.
axb5 axb5 29.e5 Nd5 30.Rf3 Ra8 31.f5 Rdd8 32.e6 f6 33.h3 Ra4 34.Rd3 Rda8 
35.Red1 Ra1 36.Kh2 Rxd1 37.Rxd1 Nxc3 38.Rd6 Ne4 39.Rxc6 Nxc5 40.Rxc5 Rb8 
41.Kg3 b4 42.Kf4 h5 43.Rc1 1/2-1/2

[Event "7th American Continental (w)"]
[Site "Buenos Aires ARG"]
[Date "2014.03.24"]
[Round "4.4"]
[White "Zuriel, Marisa"]
[Black "Amura, Claudia"]
[Result "0-1"]
[WhiteElo "2225"]
[BlackElo "2305"]
[EventDate "2014.03.21"]
[PlyCount "70"]

1.e4 g6 2.d4 Bg7 3.Nc3 c5 4.Nf3 cxd4 5.Nxd4 Nc6 6.Nb3 Nf6 7.Be2 d6 8.O-O 
O-O 9.Bg5 Be6 10.f4 Rc8 11.Kh1 Na5 12.Bd3 Nc4 13.Bxc4 Bxc4 14.Re1 Re8 15.
Qf3 b5 16.e5 dxe5 17.fxe5 Nd7 18.Bf4 b4 19.Nd5 Nxe5 20.Qg3 Bxd5 21.Bxe5 
Rxc2 22.Rg1 Bxg2+ 23.Rxg2 Rxg2 24.Qxg2 Bxe5 25.Re1 Qd6 26.Nd2 Rc8 27.Nf3 
Bf6 28.Qe2 Qd5 29.b3 Rc3 30.Rf1 e5 31.Kg1 e4 32.Ne1 Be5 33.Qg4 Kg7 34.Qh4 
Bd4+ 35.Kh1 e3+ 0-1

[Event "7th American Continental (w)"]
[Site "Buenos Aires ARG"]
[Date "2014.03.24"]
[Round "4.5"]
[White "Gomez Camacho, Micaela"]
[Black "Sanchez Castillo, Sarai"]
[Result "1-0"]
[WhiteElo "1938"]
[BlackElo "2226"]
[EventDate "2014.03.21"]
[PlyCount "75"]

1.e4 e6 2.d4 d5 3.Nc3 Nf6 4.e5 Nfd7 5.f4 c5 6.Nf3 Nc6 7.Be3 Be7 8.Qd2 O-O 
9.Be2 b6 10.O-O f6 11.exf6 Nxf6 12.Kh1 Bb7 13.Ne5 cxd4 14.Bxd4 Nxd4 15.Nb5
Ne4 16.Qe1 Bc5 17.b4 Be7 18.Nxd4 Qd6 19.Bg4 Rf6 20.a3 Raf8 21.g3 g5 22.Qe3
Kh8 23.Be2 gxf4 24.gxf4 Rxf4 25.Rxf4 Qxe5 26.Rxf8+ Bxf8 27.Rf1 Bd6 28.Qh6 
Qg7 29.Qxg7+ Kxg7 30.Nxe6+ Kg6 31.Bd3 a5 32.c3 Be5 33.bxa5 bxa5 34.Nc5 Ba8
35.c4 Kh6 36.Nxe4 dxe4 37.Be2 Bd4 38.Rf5 1-0

[Event "7th American Continental (w)"]
[Site "Buenos Aires ARG"]
[Date "2014.03.24"]
[Round "4.6"]
[White "Vargas Talavera, Gabriela"]
[Black "Paredes Bustamante, Paula"]
[Result "1/2-1/2"]
[WhiteElo "2143"]
[BlackElo "2018"]
[EventDate "2014.03.21"]
[PlyCount "87"]

1.d4 d5 2.Nf3 c6 3.e3 Nf6 4.Bd3 e6 5.b3 Bd6 6.Bb2 Nbd7 7.Ne5 O-O 8.Nd2 Qc7
9.f4 a5 10.a3 b6 11.Qe2 c5 12.O-O Bb7 13.Nxd7 Nxd7 14.Nf3 f5 15.Ng5 Rae8 
16.Nf3 Nf6 17.c4 Rc8 18.Ne5 Qe7 19.a4 Bxe5 20.dxe5 Ne8 21.Qc2 Nc7 22.Bc3 
Rcd8 23.Qf2 dxc4 24.Bxc4 Be4 25.Rfd1 Nd5 26.Be1 Qf7 27.Rd2 Qe7 28.Qh4 Qxh4
29.Bxh4 Rd7 30.Rad1 Kf7 31.Bb5 Rc7 32.Bf2 Rg8 33.Rc1 g5 34.fxg5 Rxg5 35.
Bh4 Rg4 36.g3 Rg8 37.Kf2 Rb8 38.Be2 Kg7 39.Bc4 Re8 40.Bb5 Rf8 41.Bc4 Re8 
42.Rdd1 Kh6 43.Bb5 Rf8 44.Bc4 1/2-1/2

[Event "7th American Continental (w)"]
[Site "Buenos Aires ARG"]
[Date "2014.03.24"]
[Round "4.7"]
[White "Arribas Robaina, Maritza"]
[Black "Zepeda Cortez, Lorena"]
[Result "1-0"]
[WhiteElo "2313"]
[BlackElo "2196"]
[EventDate "2014.03.21"]
[PlyCount "139"]

1.Nf3 Nf6 2.c4 g6 3.Nc3 Bg7 4.d4 O-O 5.Bf4 d6 6.e3 Nbd7 7.Be2 b6 8.h3 Bb7 
9.O-O Re8 10.Nd2 e5 11.Bg5 h6 12.Bh4 g5 13.Bg3 e4 14.f4 exf3 15.Bxf3 Bxf3 
16.Qxf3 Qe7 17.Rae1 Rac8 18.Nb5 a6 19.Na7 Ra8 20.Nc6 Qf8 21.Kh1 b5 22.b3 
bxc4 23.bxc4 Nb6 24.e4 Nfd7 25.Qf5 Re6 26.e5 d5 27.cxd5 Nxd5 28.Qf3 N7b6 
29.Rc1 Qe8 30.Na5 Rb8 31.Ne4 Nd7 32.Nc5 Nxc5 33.Rxc5 Nf4 34.Bxf4 gxf4 35.
Qxf4 f6 36.Nc4 fxe5 37.Nxe5 Rf6 38.Qc1 Rxf1+ 39.Qxf1 Rb5 40.Qc4+ Kh8 41.
Rxb5 Qxb5 42.Qxb5 axb5 43.Nc6 Kg8 44.g4 Kf7 45.d5 Ke8 46.Kg2 Kd7 47.Kf3 
Kd6 48.Ke4 Bc3 49.Nd4 Kc5 50.Nc6 Kd6 51.Nd8 Bg7 52.Nb7+ Kd7 53.Kf5 Bf8 54.
h4 Bb4 55.g5 hxg5 56.hxg5 Bc3 57.Nc5+ Ke7 58.Ne4 Bg7 59.Nf6 Bf8 60.g6 Kd6 
61.Ke4 Ke7 62.Nh5 Bh6 63.g7 Kf7 64.Kd4 b4 65.Kc5 b3 66.axb3 Bd2 67.Kc6 Ba5
68.Kd7 Bb6 69.b4 Kg8 70.Kc6 1-0

[Event "7th American Continental (w)"]
[Site "Buenos Aires ARG"]
[Date "2014.03.24"]
[Round "4.8"]
[White "Guzman, Paola"]
[Black "Martyniuk, Carolina"]
[Result "1-0"]
[WhiteElo "1902"]
[BlackElo "1959"]
[EventDate "2014.03.21"]
[PlyCount "107"]

1.d4 g6 2.c4 Bg7 3.e4 d6 4.Nc3 Nf6 5.Nf3 O-O 6.Be2 e5 7.d5 Nbd7 8.Bg5 h6 
9.Bh4 a5 10.Nd2 Nc5 11.O-O Bd7 12.Re1 Qe8 13.b3 g5 14.Bg3 Ncxe4 15.Ndxe4 
Nxe4 16.Nxe4 f5 17.f3 fxe4 18.fxe4 Qg6 19.Bh5 Qh7 20.a3 Be8 21.Bxe8 Rfxe8 
22.b4 h5 23.Bf2 g4 24.Qe2 Bh6 25.c5 Rf8 26.b5 Qe7 27.Qc4 Rac8 28.a4 Bf4 
29.g3 Bg5 30.Rf1 Qh7 31.b6 cxb6 32.c6 Qh6 33.Qd3 bxc6 34.dxc6 Qe6 35.Qd5 
Qxd5 36.exd5 Bd8 37.Rab1 Rb8 38.Rb5 Rf3 39.Rfb1 Rd3 40.Rxa5 e4 41.Rab5 e3 
42.Be1 Ra8 43.a5 e2 44.axb6 Kg7 45.b7 Rb8 46.Ra1 Bf6 47.c7 Bxa1 48.cxb8=Q 
Bd4+ 49.Kg2 Rd1 50.Qc7+ Kg6 51.Qxd6+ Kg5 52.Qf4+ Kg6 53.b8=Q Rxe1 54.Qg8+ 
1-0

[Event "7th American Continental (w)"]
[Site "Buenos Aires ARG"]
[Date "2014.03.24"]
[Round "4.9"]
[White "Feliciano Ebert, Vanessa"]
[Black "Carraro, Denise"]
[Result "0-1"]
[WhiteElo "2244"]
[BlackElo "2082"]
[EventDate "2014.03.21"]
[PlyCount "52"]

1.e4 e6 2.d3 c5 3.Nf3 Nc6 4.g3 g6 5.Bg5 Qc7 6.Bg2 Bg7 7.c3 b6 8.O-O h6 9.
Be3 Nf6 10.Re1 O-O 11.h3 Ba6 12.Na3 d6 13.Rc1 Qe7 14.Qd2 Kh7 15.b4 Bb7 16.
Nh2 cxb4 17.cxb4 d5 18.exd5 Nd8 19.d6 Qxd6 20.Bf4 Qd7 21.Rc7 Qa4 22.Bxb7 
Nxb7 23.Nc4 Nd8 24.g4 h5 25.Rb7 Qc6 26.Be5 hxg4 0-1

[Event "7th American Continental (w)"]
[Site "Buenos Aires ARG"]
[Date "2014.03.24"]
[Round "4.10"]
[White "Jorquera Cabello, Valentina"]
[Black "Besso, Guadalupe"]
[Result "1-0"]
[WhiteElo "2027"]
[BlackElo "1882"]
[EventDate "2014.03.21"]
[PlyCount "113"]

1.e4 c5 2.Nf3 d6 3.Bb5+ Bd7 4.Bxd7+ Qxd7 5.c4 Nc6 6.d4 cxd4 7.Nxd4 Nf6 8.
Nc3 g6 9.f3 Bg7 10.Nde2 O-O 11.O-O Rfd8 12.Bg5 h6 13.Be3 e6 14.Qc1 d5 15.
exd5 exd5 16.cxd5 Nxd5 17.Bxh6 Nxc3 18.Nxc3 Bxh6 19.Qxh6 Qd4+ 20.Kh1 Nb4 
21.Rad1 Nd3 22.Ne4 Nf2+ 23.Nxf2 Qxf2 24.Rb1 Qc2 25.Rfc1 Qf2 26.Rf1 Qc2 27.
Qc1 Rac8 28.Rd1 Qe2 29.Rxd8+ Rxd8 30.Qe1 Qc2 31.h4 Rd2 32.Rc1 Re2 33.Rxc2 
Rxe1+ 34.Kh2 Rb1 35.b3 a5 36.Kg3 b5 37.Rc8+ Kg7 38.Ra8 a4 39.bxa4 b4 40.
Rb8 Rb2 41.Rb7 Kf6 42.f4 Ke6 43.Rb5 Kd6 44.Kf3 f5 45.g3 Rxa2 46.Rxb4 Ra3+ 
47.Kg2 Kd5 48.Rb6 Rxa4 49.Rxg6 Ra7 50.h5 Rh7 51.h6 Kd4 52.Kh3 Ke3 53.Kh4 
Kf3 54.Kh5 Rh8 55.Rg7 Kf2 56.h7 Kf3 57.Kh6 1-0

[Event "7th American Continental (w)"]
[Site "Buenos Aires ARG"]
[Date "2014.03.24"]
[Round "4.11"]
[White "Flores, Nancy"]
[Black "Meza, Anahi"]
[Result "1/2-1/2"]
[WhiteElo "1983"]
[BlackElo "2078"]
[EventDate "2014.03.21"]
[PlyCount "75"]

1.d4 Nf6 2.Nf3 e6 3.g3 b5 4.Bg2 Bb7 5.O-O c5 6.b3 Na6 7.Nbd2 Rc8 8.c4 bxc4
9.Nxc4 d5 10.Nfe5 cxd4 11.Qxd4 Bc5 12.Qf4 Qc7 13.Ne3 d4 14.Bxb7 Qxb7 15.
N3g4 Nxg4 16.Qxg4 O-O 17.h4 f5 18.Qf4 Qe4 19.Nd7 Qxe2 20.Nxf8 Rxf8 21.Qd2 
Qe5 22.Re1 Qd6 23.Qe2 Nc7 24.Bf4 Qb6 25.Bxc7 Qxc7 26.Qxe6+ Kh8 27.Qd5 Bb4 
28.Rac1 Qb6 29.Re6 Qd8 30.Qe5 Bc3 31.h5 Qg5 32.f4 Qxg3+ 33.Kh1 Qh3+ 34.Kg1
Bd2 35.Rc8 Qg3+ 36.Kh1 Qh3+ 37.Kg1 Qg3+ 38.Kh1 1/2-1/2

[Event "7th American Continental (w)"]
[Site "Buenos Aires ARG"]
[Date "2014.03.24"]
[Round "4.12"]
[White "Zarate Oyague, Flor de Maria"]
[Black "Nejanky, Maisa"]
[Result "1/2-1/2"]
[WhiteElo "1863"]
[BlackElo "2024"]
[EventDate "2014.03.21"]
[PlyCount "107"]

1.d4 Nf6 2.c4 e6 3.Nc3 Bb4 4.f3 d5 5.a3 Be7 6.Nh3 Nc6 7.e3 O-O 8.Nf2 a6 9.
cxd5 exd5 10.Bd3 Re8 11.O-O b6 12.Qc2 Bb7 13.Bd2 g6 14.g4 Qd6 15.Ne2 Nd8 
16.e4 dxe4 17.fxe4 Ne6 18.g5 Nh5 19.Ng4 Bxg5 20.Bc4 Nef4 21.Nxf4 Nxf4 22.
Bxf7+ Kxf7 23.Bxf4 Bxf4 24.Rxf4+ Qxf4 25.Rf1 Qxf1+ 26.Kxf1 Rxe4 27.Qc4+ 
Kf8 28.Ne5 Rf4+ 29.Ke1 c5 30.Qe6 Re8 31.Qd6+ Kg8 32.Qxb6 Rxd4 33.Qxb7 
Rxe5+ 34.Kf2 Rf5+ 35.Ke2 Re5+ 36.Kf3 Rf5+ 37.Ke2 Rh4 38.Qc8+ Kg7 39.Qc7+ 
Kh6 40.Qb8 c4 41.Qd6 Re4+ 42.Kd2 Rh4 43.Ke2 Re4+ 44.Kd2 Rf3 45.Qxa6 Rd3+ 
46.Kc1 Re1+ 47.Kc2 Re2+ 48.Kc1 Rf3 49.Kd1 Rxb2 50.Qxc4 Rff2 51.Qh4+ Kg7 
52.Qe7+ Kg8 53.Qe8+ Kg7 54.Qe7+ 1/2-1/2

[Event "7th American Continental (w)"]
[Site "Buenos Aires ARG"]
[Date "2014.03.25"]
[Round "5.1"]
[White "Lujan, Carolina"]
[Black "Gomez Camacho, Micaela"]
[Result "1-0"]
[WhiteElo "2375"]
[BlackElo "1938"]
[EventDate "2014.03.21"]
[PlyCount "47"]

1.e4 c5 2.Nf3 d6 3.Bb5+ Nd7 4.O-O a6 5.Bd3 g6 6.c3 Bg7 7.Bc2 e6 8.d4 cxd4 
9.cxd4 Ne7 10.Nc3 O-O 11.Bf4 e5 12.Be3 b5 13.dxe5 Nxe5 14.Nxe5 dxe5 15.Bc5
Qxd1 16.Rfxd1 Bf6 17.Nd5 Nxd5 18.Bxf8 Kxf8 19.exd5 Bd8 20.d6 f5 21.Bb3 Bb6
22.d7 Bb7 23.Rd6 Bc7 24.Rf6+ 1-0

[Event "7th American Continental (w)"]
[Site "Buenos Aires ARG"]
[Date "2014.03.25"]
[Round "5.2"]
[White "Amura, Claudia"]
[Black "Chumpitaz Carbajal, Ann"]
[Result "1/2-1/2"]
[WhiteElo "2305"]
[BlackElo "2189"]
[EventDate "2014.03.21"]
[PlyCount "59"]

1.d4 g6 2.Nf3 Bg7 3.c4 Nf6 4.Nc3 O-O 5.Bg5 d6 6.e3 c6 7.Be2 h6 8.Bh4 a6 9.
O-O b5 10.Nd2 Qb6 11.a3 Nbd7 12.Qc2 e5 13.dxe5 Nxe5 14.Rad1 Bf5 15.e4 Be6 
16.cxb5 axb5 17.Kh1 b4 18.axb4 Qxb4 19.f4 Neg4 20.Rf3 Qc5 21.b4 Qa7 22.Nf1
g5 23.fxg5 hxg5 24.Bg3 Nh5 25.Bxd6 Nf2+ 26.Rxf2 Qxf2 27.Bc5 Qh4 28.Bxf8 
Bxf8 29.Bxh5 Qxh5 30.Ng3 1/2-1/2